Sports Quiz

Random Sports or NFL Quiz

Hey! You Stole Our Nickname Quiz Stats

Quiz Updated May 13, 2013

Challenge
Share
Tweet
Embed
Score 0/37 Timer 08:00
7 Plays Today
League/Years Used Nickname % Correct
MLB/NFL 1925-presentNew York Giants
83.6%
MLB/NFL 1920-presentSt. Louis and Chicago Cardinals
79.9%
NFL/NHL 1979-1996, 2011-presentNew York and Winnipeg Jets
75.6%
MLB/NFL* 1933-1934Cincinnati Reds
69.4%
NHL/NFL* 1926New York and Buffalo Rangers
68.1%
NHL/MLB 1972-presentNew York and Texas Rangers
68.1%
NHL/NFL 1995-presentFlorida and Carolina Panthers
64.5%
NHL/NBA 1972-presentKansas City and Los Angeles Kings
61.3%
MLB/NFL 1950-1953St. Louis and Cleveland Browns
58.6%
MLB/NHL* 1920-1925Detroit and Hamilton Tigers
57.6%
MLB/NFL* 1921Detroit Tigers
57.5%
MLB/NFL* 1923-1926Detroit and Columbus Tigers
57.5%
MLB/NHL*/NFL*/NFL* 1920Detroit, Hamilton, Cleveland, and Chicago Tigers
57.5%
MLB/NBA 1970-1978Atlanta and Buffalo Braves
52.2%
MLB/NFL* 1927-1928New York Yankees
51.8%
MLB/NFL 1932Boston Braves
51.5%
NFL/NHL 1979-1998Houston and Edmonton Oilers
49.5%
NFL/NHL* 1934Philadelphia and St. Louis Eagles
48.7%
MLB/NFL* 1932-1943Brooklyn Dodgers
48.3%
League/Years Used Nickname % Correct
MLB/NHL* 1917-1934Washington and Ottawa Senators
46.9%
MLB/NHL*/NFL* 1921Washington and Ottawa Senators
46.9%
MLB/NFL 1933-1939Pittsburgh Pirates
43.9%
MLB/NHL* 1925-1930Pittsburgh Pirates
43.9%
MLB/NFL* 1921, 1923, 1931Cleveland Indians
42.6%
MLB/NFL* 1922-1923Cleveland and Oorang Indians
42.6%
MLB/NFL* 1926Cleveland and Akron Indians
42.6%
NBA/MLB 1969-1972Cincinnati and Kansas City Royals
35.8%
NFL/NBA 1961Green Bay and Chicago Packers
35%
NFL/NBA* 1949-1951Green Bay and Anderson Packers
35%
NFL/NBA* 1949Washington and Sheboygan Redskins
29.7%
MLB/NHL* 1919Philadelphia and Quebec Athletics
27.9%
NHL/NBA 1949-1951Chicago and Tri-Cities Blackhawks
20.7%
NFL*/NFL* 1925Canton and Cleveland Bulldogs
11.3%
NHL*/NFL* 1924Montréal and Kenosha Maroons
10.6%
NHL*/NFL* 1925-1928Montréal and Pottsville Maroons
10.6%
MLB*/MLB* 1878Milwaukee and Providence Grays
4.5%
NFL*/NFL* 1920-1925Akron and Hammond Pros
2.2%

You're not logged in!

Compare scores with friends on all Sporcle quizzes.
Join for Free
OR
Log In

You Might Also Like...

Show Comments

Extras

Top Quizzes Today


Score Distribution

Your Account Isn't Verified!

In order to create a playlist on Sporcle, you need to verify the email address you used during registration. Go to your Sporcle Settings to finish the process.

Report this User

Report this user for behavior that violates our Community Guidelines.

Details: